000 00325nam a22001457a 4500
008 221010b ||||| |||| 00| 0 eng d
020 _a9780155188891
041 _aeng
080 _2FIFTH EDITION
_a330
082 _a330 GW
100 _a23.1
101 _aMICR
245 _aMICROECONOMICS
_cGWARTNEY J
942 _2udc
_cBK
999 _c58454
_d58454